Online
Catalog

Puerto Rico : (Record no. 5513)

MARC details
000 -CABECERA
campo de control de longitud fija 00830cam a2200217 a 4500
001 - NÚMERO DE CONTROL
campo de control 000005717
005 - FECHA Y HORA DE LA ÚLTIMA TRANSACCIÓN
campo de control 20200929151746.0
008 - DATOS DE LONGITUD FIJA--INFORMACIÓN GENERAL
campo de control de longitud fija 940722s1993 pr 000 0 spa
040 ## - FUENTE DE LA CATALOGACIÓN
Centro catalogador/agencia de origen DO-SdBNP
Centro/agencia transcriptor DLC
Centro/agencia modificador DLC
082 ## - NÚMERO DE LA CLASIFICACIÓN DECIMAL DEWEY
Número de clasificación 320.97295
Número de documento/Ítem B533p
100 1# - ENTRADA PRINCIPAL--NOMBRE DE PERSONA
Nombre de persona Berríos Martínez, Rubén.
9 (RLIN) 16162
245 10 - MENCIÓN DE TÍTULO
Título Puerto Rico :
Resto del título nacionalidad y plebiscito /
Mención de responsabilidad, etc. Rubén Berríos Martínez ; prólogo por Fernándo Martín García.
260 ## - PUBLICACIÓN, DISTRIBUCIÓN, ETC.
Lugar de publicación, distribución, etc. Puerto Nuevo, Puerto Rico :
Nombre del editor, distribuidor, etc. Libertad,
Fecha de publicación, distribución, etc. [1993].
300 ## - DESCRIPCIÓN FÍSICA
Extensión 167 p. ;
Dimensiones 23 cm.
651 #4 - PUNTO DE ACCESO ADICIONAL DE MATERIA--NOMBRE GEOGRÁFICO
Nombre geográfico Puerto Rico
Subdivisión general Política Y Gobierno
Subdivisión cronológica 1952-1998.
9 (RLIN) 16163
650 #4 - PUNTO DE ACCESO ADICIONAL DE MATERIA--TÉRMINO DE MATERIA
Término de materia o nombre geográfico como elemento de entrada Libre determinación nacional
Subdivisión geográfica Puerto Rico
9 (RLIN) 16164
650 #4 - PUNTO DE ACCESO ADICIONAL DE MATERIA--TÉRMINO DE MATERIA
Término de materia o nombre geográfico como elemento de entrada Plebiscito
Subdivisión geográfica Puerto Rico
9 (RLIN) 16165
650 #4 - PUNTO DE ACCESO ADICIONAL DE MATERIA--TÉRMINO DE MATERIA
Término de materia o nombre geográfico como elemento de entrada Referendum
Subdivisión geográfica Puerto Rico
9 (RLIN) 16166
700 1# - PUNTO DE ACCESO ADICIONAL--NOMBRE DE PERSONA
Nombre de persona García, fernándo Martín
Término indicativo de función/relación ed.
9 (RLIN) 16167
910 ## - DATOS DE OPCIÓN DEL USUARIO (OCLC)
Datos de opción del usuario Catalogación por copia / LC
Holdings
Estado de retiro Estado de pérdida Restricciones de uso No para préstamo Código de colección Localización permanente Ubicación/localización actual Ubicación en estantería Fecha de adquisición Número de inventario Total de préstamos Signatura topográfica completa Código de barras Fecha visto por última vez Precio válido a partir de Tipo de ítem Koha Número de copia
      Excluido de préstamo Monografías: Libros y Folletos General General Depósito 21.08.2009 LF1   320.97295 B533p 5717-10 25.06.2020 25.06.2020 No se presta  
      Excluido de préstamo Monografías: Libros y Folletos General General Depósito 12.09.2013 LF1   320.97295 B533p 5717-20 25.06.2020 25.06.2020 No se presta e. 2

Powered by Koha